Química (Record no. 48590)

MARC details
000 -LEADER
campo de control de longitud fija 00637nam a22001935i 4500
001 - NÚMERO DE CONTROL
campo de control 48590
003 - IDENTIFICADOR DE NÚMERO DE CONTROL
campo de control ES-MaACL
005 - FECHA Y HORA DE LA ÚLTIMA TRANSACCIÓN
campo de control 20230915205310.0
007 - CAMPO FIJO DE DESCRIPCIÓN FÍSICA--INFORMACIÓN GENERAL
campo de control de longitud fija t|
008 - DATOS DE LONGITUD FIJA--INFORMACIÓN GENERAL
campo de control de longitud fija 950725s1828 sp ||||1| spa d
040 ## - FUENTE DE CATALOGACIÓN
Centro catalogador/agencia de origen CAM
Lengua de catalogación spa
Centro/agencia transcriptor CAM
100 1# - ENTRADA PRINCIPAL--NOMBRE DE PERSONA
Nombre de persona Desmarest, Eugene.
9 (RLIN) 43896
245 10 - MENCIÓN DEL TÍTULO
Título Química
Resto del título : compendio de esta ciencia y de sus aplicaciones a las artes /
Mención de responsabilidad, etc. por Mr. Desmarest; traducido por José Luis Casaseca.
260 ## - PUBLICACIÓN, DISTRIBUCIÓN, ETC.
Lugar de publicación, distribución, etc. Madrid :
Nombre del editor, distribuidor, etc. [s.n.],
Fecha de publicación, distribución, etc. 1828 (
Fabricante León Amarita)
300 ## - DESCRIPCIÓN FÍSICA
Extensión 2 v. ;
Dimensiones 15 cm.
700 1# - ENTRADA AGREGADA--NOMBRE PERSONAL
Nombre de persona Casaseca, José Luis,
Fechas asociadas al nombre 1800-1869
9 (RLIN) 36243
852 ## - LOCALIZACIÓN
Ubicación ES-MaACL
Número de control de estantería G-10797-8
Holdings
Estatus retirado Estado de pérdida Estado de daño No para préstamo Colección Biblioteca de origen Biblioteca actual Ubicación en estantería Fecha de adquisición Fuente de adquisición Total de préstamos Signatura topográfica completa Código de barras Visto por última vez Precio de reemplazo Tipo de ítem Koha
        Libros del s. XIX Biblioteca del Ateneo de Madrid Biblioteca del Ateneo de Madrid Sala Pecera Planta 3 17/01/2008     G-10797-8 1051134 23/02/2023 23/02/2023 Libro impreso antiguo